[Event "AUT-chT2W 9899"]
[Site "Austria"]
[Date "1999.01.23"]
[Round "5.5"]
[White "Dorner, Guenther"]
[Black "Maier, Peter"]
[Result "1-0"]
[WhiteElo "2085"]
[BlackElo "2085"]
[PlyCount "109"]
[EventDate "1998.10.??"]
[EventType "team"]
[EventRounds "9"]
[EventCountry "AUT"]
[SourceTitle "EXT 2000"]
[Source "ChessBase"]
[SourceDate "1999.11.16"]
[SourceVersion "1"]
[SourceVersionDate "1999.11.16"]
[SourceQuality "1"]

1. e4 d5 2. exd5 Qxd5 3. Nc3 Qa5 4. d4 c6 5. Bc4 Bf5 6. Nf3 e6 7. 0-0 Nf6 8. Re1 Be7 9. Bf4 0-0 10. a3 Re8 11. Ne5 Nbd7 12. g4 Bg6 13. h4 Nxe5 14. Rxe5 Qd8 15. h5 Bxc2 16. Qxc2 Qxd4 17. Ne2 Qb6 18. Be3 Qc7 19. Re4 Nxe4 20. Qxe4 Bf6 21. Bd3 g6 22. Rb1 Rad8 23. hxg6 hxg6 24. Nf4 Qe5 25. Kg2 Qxe4+ 26. Bxe4 Bd4 27. Bc1 f5 28. Bf3 Kg7 29. Ne2 Bf6 30. Be3 e5 31. gxf5 gxf5 32. Bxa7 e4 33. Bh5 Rh8 34. Nf4 Rd2 35. b3 Kf8 36. Ng6+ Kg7 37. Nxh8 Kxh8 38. Be3 Rd3 39. Bg6 Rd5 40. Bf7 Ra5 41. a4 Be5 42. Rd1 f4 43. Bd4 Bxd4 44. Rxd4 Re5 45. Bc4 Re7 46. Rd6 f3+ 47. Kg3 Rg7+ 48. Kf4 Rg2 49. Ke3 Rg1 50. Kxe4 Rb1 51. Rd8+ Kh7 52. Rd7+ Kh8 53. Rxb7 Re1+ 54. Kxf3 Re3+ 55. Kxe3 1-0